000 00570nam a2200181Ia 4500
003 GCL
008 140319s9999 xx 000 0 ara d
040 _aGCL /
_cGCL
082 0 4 _a994
_bص م
100 1 _aصلاح طنطاوى
245 1 0 _aنصف مليون دقيقة فى استراليا (هدية من الاديب عبدالفتاح الجمل) /
_cصلاح طنطاوى
300 _a152 ص
490 _aكتابات معاصرة
_v0
650 0 4 _aالعصر الحديث
650 0 4 _aاستراليا
650 0 4 _aوصف ورحلات
942 _2ddc
_cBK
999 _c42642
_d42642